000 00546nam a22001937a 4500
003 ost
005 20160220092937.0
008 130215t xxu||||| |||| 00| 0 eng d
020 _a9781921209703
050 _aD 20.5
_b.W356 2009
100 _aWawro, Geoffrey.
245 _aHistorica :
_cGeoffrey Wawro.
_b1000 years of our lives and times /
260 _aAustralia :
_bMillenium House,
_c2006.
300 _a524 pages :
_bcolor illustrations ;
_c27cm.
500 _aIncludes index.
562 _e1
942 _2lcc
_cBK
_kFOR
999 _c39106
_d39106